000 01301nam2a22002651 4500
001 RU\NLR\INFOCOMM18\1000237697
005 20050126220417.0
035 _a(NLR Aleph) 002428255
090 _a1969213
_c1969213
100 _a20050126d1966 |||y0rusy50 ca
101 0 _arus
102 _aRU
105 _ay |||||||||
200 1 _aВыплавка феррохрома с содержанием менее 0, 03% С
_fВ.П. Зайко, А.К. Голев
210 _d1966
461 0 _1001RU\NLR\INFOCOMM18\1000237665
_12001#$aЧерная металлургия$eОбзор. информ.$hСерия 5$iФерросплавное производство$fЦНИИ информации и техн.-экон. исслед. черной металлургии$v1966, №1
_91968934
_cМ.
_d1963-
_fЦНИИ информации и техн.-экон. исслед. черной металлургии
_hСерия 5
_iФерросплавное производство
_oОбзор. информ.
_tЧерная металлургия
_x0135-5880
_v1966, №1
700 1 _aЗайко
_bВ. П.
_4070
701 1 _aГолев
_bА. К.
_4070
801 0 _aRU
_bNLR
_gPSBO
801 1 _aRU
_bInfoComm
_c20050126
852 _aNLR
_jП11/729
942 _cISSUE
980 _aNB
980 _aRUSPER